| 000 | 00786nam a2200265 a 4500 | ||
|---|---|---|---|
| 008 | |||
| 020 | _a9780128143469 (hardback) | ||
| 040 |
_aNUST _cNUST |
||
| 049 | _aMAIN | ||
| 090 |
_aQA273 _bROS |
||
| 100 | 1 |
_aRoss, Sheldon., _aauthor. |
|
| 245 | 1 | 0 |
_aIntroduction to probability models/ _c Sheldon M Ross. |
| 250 | _aTwelfth edition. | ||
| 260 |
_aLondon : _bAcademic Press, _c2019. |
||
| 300 |
_axv, 826 pages : _billustrations ; _c24 cm. |
||
| 336 |
_atext _btxt _2rdacontent |
||
| 337 |
_aunmediated _bn _2rdamedia |
||
| 338 |
_avolume _bnc _2rdacarrier |
||
| 500 | _aIncludes index. | ||
| 650 | 1 | _aProbabilities. | |
| 907 |
_a.b1040675x _b12-07-21 _c12-07-21 |
||
| 003 | |||
| 005 | 20250402164212.0 | ||
| 942 |
_cBOOKS _kQA273 _mROS _01 |
||
| 999 |
_c169424 _d169424 |
||